<?xml version="1.0" encoding="UTF-8"?>
<record
    xmlns:xsi="http://www.w3.org/2001/XMLSchema-instance"
    xsi:schemaLocation="http://www.loc.gov/MARC21/slim http://www.loc.gov/standards/marcxml/schema/MARC21slim.xsd"
    xmlns="http://www.loc.gov/MARC21/slim">

  <leader>02194njm a2200385Ia 4500</leader>
  <controlfield tag="001">23802</controlfield>
  <controlfield tag="003">IT-RoPAU</controlfield>
  <controlfield tag="005">20220918181207.0</controlfield>
  <controlfield tag="008">131025s9999    xx            000 0 und d</controlfield>
  <datafield tag="040" ind1=" " ind2=" ">
    <subfield code="a">IT-RoPAU</subfield>
  </datafield>
  <datafield tag="040" ind1=" " ind2=" ">
    <subfield code="c">IT-RoPAU</subfield>
  </datafield>
  <datafield tag="999" ind1=" " ind2=" ">
    <subfield code="c">103508</subfield>
    <subfield code="d">103508</subfield>
  </datafield>
  <datafield tag="999" ind1=" " ind2=" ">
    <subfield code="b">n.d.</subfield>
  </datafield>
  <datafield tag="100" ind1=" " ind2=" ">
    <subfield code="a">AA.VV.</subfield>
    <subfield code="9">794</subfield>
  </datafield>
  <datafield tag="100" ind1=" " ind2=" ">
    <subfield code="e">Autore musica</subfield>
    <subfield code="9">6002</subfield>
  </datafield>
  <datafield tag="100" ind1=" " ind2=" ">
    <subfield code="g">Codice autore musica SPICS: 12000</subfield>
    <subfield code="9">796</subfield>
  </datafield>
  <datafield tag="245" ind1=" " ind2=" ">
    <subfield code="a">Opera intermezzi (Karajan)-Lp Angel 35793</subfield>
  </datafield>
  <datafield tag="250" ind1=" " ind2=" ">
    <subfield code="a">1a ed.</subfield>
  </datafield>
  <datafield tag="260" ind1=" " ind2=" ">
    <subfield code="a">NEW YORK</subfield>
  </datafield>
  <datafield tag="260" ind1=" " ind2=" ">
    <subfield code="b">ANGEL RECORDS</subfield>
    <subfield code="c">1959 [1a Ed.:1959]</subfield>
  </datafield>
  <datafield tag="300" ind1=" " ind2=" ">
    <subfield code="a">DISCO</subfield>
  </datafield>
  <datafield tag="500" ind1=" " ind2=" ">
    <subfield code="a">Musica operistica. Musica classica. Opera lirica, intermezzi</subfield>
  </datafield>
  <datafield tag="505" ind1=" " ind2=" ">
    <subfield code="a">Manon Lescaut: intermezzo (Puccini-Karajan) - La Traviata: Prelude Act III - I Pagliacci (Leoncavallo-Karajan) - L'amico Fritz: atto III (Mascagni) - Notre Dame (Schmidt-Karajan) - The Trojans: Royal Hunt and Storm Act III - Khovantschina (Musorgskij/Rimskij-Korsakov) Entr'Acte Act 4 - Les Contes d'Offmann: Barcarolle Act 2 - Goyescas (Granados-Karajan)</subfield>
  </datafield>
  <datafield tag="511" ind1=" " ind2=" ">
    <subfield code="a">Philharmonia Orchestra diretta da Karajan Herbert Von</subfield>
  </datafield>
  <datafield tag="650" ind1=" " ind2=" ">
    <subfield code="a">OPERA [DISCHI]</subfield>
    <subfield code="e">Codice MATERIA SPICS: 9950</subfield>
    <subfield code="9">961</subfield>
  </datafield>
  <datafield tag="700" ind1=" " ind2=" ">
    <subfield code="a">Puccini Giacomo</subfield>
    <subfield code="d">Codice autore musica SPICS: 11082</subfield>
    <subfield code="e">Autore musica</subfield>
    <subfield code="p">Manon Lescaut: intermezzo</subfield>
    <subfield code="9">6003</subfield>
  </datafield>
  <datafield tag="700" ind1=" " ind2=" ">
    <subfield code="a">Verdi Giuseppe</subfield>
    <subfield code="d">Codice autore musica SPICS: 89</subfield>
    <subfield code="e">Autore musica</subfield>
    <subfield code="p">La Traviata: Prelude Act III</subfield>
    <subfield code="9">6004</subfield>
  </datafield>
  <datafield tag="700" ind1=" " ind2=" ">
    <subfield code="a">Leoncavallo Ruggiero</subfield>
    <subfield code="d">Codice autore musica SPICS: 11470</subfield>
    <subfield code="e">Autore musica</subfield>
    <subfield code="p">I Pagliacci</subfield>
    <subfield code="9">6005</subfield>
  </datafield>
  <datafield tag="700" ind1=" " ind2=" ">
    <subfield code="a">Mascagni Pietro</subfield>
    <subfield code="d">Codice autore musica SPICS: 11012</subfield>
    <subfield code="e">Autore musica</subfield>
    <subfield code="p">L'amico Fritz: atto III</subfield>
    <subfield code="9">6006</subfield>
  </datafield>
  <datafield tag="700" ind1=" " ind2=" ">
    <subfield code="a">Schmidt Franz</subfield>
    <subfield code="d">Codice autore musica SPICS: 1467</subfield>
    <subfield code="e">Autore musica</subfield>
    <subfield code="p">Notre Dame</subfield>
    <subfield code="9">6007</subfield>
  </datafield>
  <datafield tag="700" ind1=" " ind2=" ">
    <subfield code="a">Berlioz Hector</subfield>
    <subfield code="d">Codice autore musica SPICS: 9293</subfield>
    <subfield code="e">Autore musica</subfield>
    <subfield code="p">The Trojans: Royal Hunt and Storm Act III</subfield>
    <subfield code="9">6008</subfield>
  </datafield>
  <datafield tag="700" ind1=" " ind2=" ">
    <subfield code="a">Rimskij-Korsakov Nikolai</subfield>
    <subfield code="d">Codice autore musica SPICS: 10687</subfield>
    <subfield code="e">Autore musica</subfield>
    <subfield code="p">Khovantschina Entr'Acte Act 4</subfield>
    <subfield code="9">6009</subfield>
  </datafield>
  <datafield tag="700" ind1=" " ind2=" ">
    <subfield code="a">Offenbach Jacques</subfield>
    <subfield code="d">Codice autore musica SPICS: 11045</subfield>
    <subfield code="e">Autore musica</subfield>
    <subfield code="p">Les contes d'Offmann: Barcarolle Act 2</subfield>
    <subfield code="9">6010</subfield>
  </datafield>
  <datafield tag="700" ind1=" " ind2=" ">
    <subfield code="a">Granados Y Campina Enrique</subfield>
    <subfield code="d">Codice autore musica SPICS: 13819</subfield>
    <subfield code="e">Autore musica</subfield>
    <subfield code="p">Goyescas</subfield>
    <subfield code="9">6011</subfield>
  </datafield>
  <datafield tag="942" ind1=" " ind2=" ">
    <subfield code="c">MD</subfield>
    <subfield code="2">ddc</subfield>
  </datafield>
  <datafield tag="952" ind1=" " ind2=" ">
    <subfield code="0">0</subfield>
    <subfield code="1">0</subfield>
    <subfield code="4">0</subfield>
    <subfield code="6">23802_000000000000000</subfield>
    <subfield code="7">1</subfield>
    <subfield code="a">SPICS</subfield>
    <subfield code="b">SPICS</subfield>
    <subfield code="d">2013-10-25</subfield>
    <subfield code="l">0</subfield>
    <subfield code="o">23802</subfield>
    <subfield code="r">2013-10-25 00:00:00</subfield>
    <subfield code="w">2013-10-25</subfield>
    <subfield code="y">MD</subfield>
    <subfield code="z">Progr. Ins.: 4649 / N.Vol.: 1 / Copie: 1 - Copia rara: n.d. / date import: 01.01.2014 - By Epidotti, Trombetti, Vaglietti</subfield>
  </datafield>
</record>
